• 首页
  • 本馆介绍
  • 公告通知
  • 最新文献
  • 馆藏检索
  • 电子资源
  • 读者导购
  • 参考咨询
  • 我的图书馆
  • 登录
  • 详细信息显示
  • 放入我的书架
  • 预约/预借图书
  • 作者相关作品
  • 分类相关作品
  • 丛书相关作品
  • 出版社相关作品

书目信息

  • 表格格式
  • 工作单格式
  • 卡片格式
题名:
闯王旗
    
 
作者: 程云 编剧
分册:  
出版信息: 武汉   湖北人民出版社  1978
页数: 78页
开本: 20cm
丛书名:
单 册:
中图分类: I232.7
科图分类:
主题词: 京剧-剧本--中国--现代 , 剧本-京剧--中国--现代
电子资源:
ISBN: 10106.778
000 00656nam0 2200241 450
001 0178003063
005 20100712215413.0
010    @a10106.778@dCNY0.23
091    @a10106.778
100    @a19950719d1978 em y0chiy0110 ea
101 0  @achi
102    @aCN@b420000
105    @ay z 000by
106    @ar
200 1  @a闯王旗@9Chuang Wang Qi @e农民革命战争历史戏曲文学本@f程云编剧
210    @a武汉@c湖北人民出版社@d1978
215    @a78页@d20cm
606 0  @a京剧-剧本@y中国@z现代
606 0  @a剧本-京剧@y中国@z现代
690    @aI232.7@v3
701  0 @a程云@9cheng yun@4编剧
801  0 @aCN@bAzMarc@c20130904
905    @aBZT@dI232.7@e6@f1@sI232.7/6
    
    闯王旗:农民革命战争历史戏曲文学本/程云编剧.-武汉:湖北人民出版社,1978
    78页;20cm
    
    
    ISBN 10106.778:CNY0.23
    
●
相关链接 在五车中查询图书 在当当中查询图书 在豆瓣中查询图书


正题名:闯王旗     索取号:I232.7/6         预约/预借

序号 登录号 条形码 馆藏地/架位号 状态 备注
1 2000080212   2000080212   旧书回溯/ [索取号:I232.7/6] 在馆    
山东省滨州职业学院图书馆 欢迎您!
大连网信软件有限公司© 版权所有